LEADER 01069nam0-2200337---450- 001 990008867140403321 005 20100224133150.0 010 $a978-88-339-1959-1 035 $a000886714 035 $aFED01000886714 035 $a(Aleph)000886714FED01 035 $a000886714 100 $a20090618d2009----km-y0itay50------ba 101 0 $aita 102 $aIT 105 $aa-------001yy 200 1 $aDall'Impero austro-ungarico alle foibe$econflitti nell'area alto-adriatica$fcontributi di Alessandra Algostino ... [et al.] 210 $aTorino$cBollati Boringhieri$d2009 215 $a298 p., [16] c. di tav.$cill.$d22 cm 225 1 $aNuova cultura$v203 300 $aCura redazionale di Alessandro Magherini 610 0 $aVenezia Giulia$aStoria 676 $a945.39$v21$zita 702 1$aAlgostino,$bAlessandra$f<1970- > 801 0$aIT$bUNINA$gRICA$2UNIMARC 901 $aBK 912 $a990008867140403321 952 $aCollez. 1164 (203)$b43823$fFSPBC 959 $aFSPBC 996 $aDall'Impero austro-ungarico alle foibe$9803322 997 $aUNINA LEADER 02572oam 2200649I 450 001 9910785067103321 005 20230803194823.0 010 $a1-134-66409-5 010 $a0-203-78445-6 010 $a1-282-66705-X 010 $a9786612667053 010 $a1-4441-1913-3 024 7 $a10.4324/9780203784457 035 $a(CKB)2670000000031484 035 $a(EBL)564773 035 $a(OCoLC)650246947 035 $a(SSID)ssj0000416910 035 $a(PQKBManifestationID)12190795 035 $a(PQKBTitleCode)TC0000416910 035 $a(PQKBWorkID)10436437 035 $a(PQKB)10639020 035 $a(MiAaPQ)EBC564773 035 $a(Au-PeEL)EBL564773 035 $a(CaPaEBR)ebr10400341 035 $a(CaONFJC)MIL266705 035 $a(OCoLC)897447728 035 $a(EXLCZ)992670000000031484 100 $a20180706e20142004 uy 0 101 0 $aeng 135 $aur|n|---||||| 181 $ctxt 182 $cc 183 $acr 200 10$aEnglish in modern times, 1700-1945 /$fJoan C. Beal 210 1$aLondon :$cRoutledge,$d2014. 215 $a1 online resource (281 p.) 300 $aFirst published 2004 by Hodder Arnold. 311 $a1-138-14406-1 311 $a0-340-76117-2 320 $aIncludes bibliographical references (p. [221]-237) and indexes. 327 $aModern English and modern times -- The vocabulary of later modern English -- Recording and regulating the lexicon : dictionaries from Dr. Johnson to the Oxford English dictionary -- Syntactic change in later modern English -- Grammars and grammarians -- Phonological change in later modern English -- Defining the standard of pronunciation : pronouncing dictionaries and the rise of RP -- Beyond standard English : varieties of English in the later modern period. 330 $aEnglish in Modern Times describes the development of the English language from 1700 until 1945, and argues that it is in the course of this later modern English period that the characteristics of 'modern' English evolved. 606 $aEnglish language$xHistory 606 $aEnglish language$xGrammar, Historical 606 $aEnglish language$xStandardization 615 0$aEnglish language$xHistory. 615 0$aEnglish language$xGrammar, Historical. 615 0$aEnglish language$xStandardization. 676 $a420/.9 700 $aBeal$b Joan C.$0477454 801 0$bMiAaPQ 801 1$bMiAaPQ 801 2$bMiAaPQ 906 $aBOOK 912 $a9910785067103321 996 $aEnglish in modern times, 1700-1945$93694259 997 $aUNINA LEADER 02280nam 2200433 450 001 9910806939403321 005 20200520144314.0 010 $a1-4232-3486-3 035 $a(CKB)3710000001404133 035 $a(MiAaPQ)EBC4877030 035 $a(Au-PeEL)EBL4877030 035 $a(CaPaEBR)ebr11397712 035 $a(OCoLC)990404861 035 $a(BIP)058715619 035 $a(EXLCZ)993710000001404133 100 $a20190123d2002 uy 0 101 0 $aeng 135 $aurcnu|||||||| 181 $ctxt$2rdacontent 182 $cc$2rdamedia 183 $acr$2rdacarrier 200 00$aAstronomy $ea comprehensive guide to the universe 210 1$a[Place of publication not identified] :$cBarCharts, Inc.,$d[2002] 210 4$d2002 215 $a1 online resource (6 pages) $cillustrations 311 $a1-4232-3465-0 330 8 $aAs a student, stargazer, or lover of our galaxy, space and the infinite, there is no resource for this price that in 6 pages can show you the universe this completely yet succinctly. Expertly authored with balanced coverage, the number of detailed facts and answers to our questions about planets, our galaxy and the universe makes this the biggest bang for your buck - guaranteed.6-page laminated guide includes:History of AstronomyAncient TimesThe Astronomy of GreecePioneers of AstronomySpace DimensionsOrigin of The Solar SystemDetails of the Terrestrial PlanetsDetails of the Jovian PlanetsComparative Data on the Jovian PlanetsThe Dwarf PlanetsThe SunThe StarsAtomsThe Properties of StarsStarlightGalaxiesConcepts of CosmologySuggested uses:Students - content is aligned to an entry college level or advanced high school astronomy course, for use as a quick and easy reference and review for that class as well as digging deeper for students in earth science courses at the high school levelStargazers & Space Lovers - for stargazers there are plenty of details as well as those space lovers of the far, far away 606 $aAstronomy$vOutlines, syllabi, etc 610 $aASTRONOMY 610 $aSCIENCE 615 0$aAstronomy 676 $a520 801 0$bMiAaPQ 801 1$bMiAaPQ 801 2$bMiAaPQ 906 $aBOOK 912 $a9910806939403321 996 $aAstronomy$91933962 997 $aUNINA